000 00458nam a22001697a 4500
003 OSt
005 20220110092656.0
008 220110b |||||||| |||| 00| 0 eng d
020 _a0521291127
040 _cHU
082 _a574.35
100 _aOPENSHAW H.T.
_927311
245 _aA LABORATORY MANUAL OF QUALITATIVE ORGANIC ANALYSIS
260 _aLONDON
_bCAMBRIDGE UNIVERSITY PRESS
_c1980
300 _aVIII, 92 ,INDEX
_bPC
_c26
942 _2ddc
_cBOOKS
_n0
999 _c26208
_d26208